| 000 | 00646cam a2200229 4500500 | ||
|---|---|---|---|
| 005 | 20260405003324.0 | ||
| 041 | _afre | ||
| 042 | _adc | ||
| 100 | 1 | 0 |
_aNathan, Tobie _eauthor |
| 245 | 0 | 0 | _aThomas Pesquet. Nouvelles de l’invisible |
| 260 | _c2021. | ||
| 500 | _a77 | ||
| 690 | _aChaman | ||
| 690 | _aChamane | ||
| 690 | _aChamanisme | ||
| 690 | _aEspace | ||
| 690 | _aTémoignages | ||
| 690 | _aTerre | ||
| 690 | _aTobie Nathan | ||
| 786 | 0 | _nPhilosophie magazine | 151 | 8 | 2021-07-01 | p. 28-30 | 1951-1787 | |
| 856 | 4 | 1 | _uhttps://shs.cairn.info/magazine-philosophie-magazine-2021-6-page-28?lang=fr&redirect-ssocas=7080 |
| 999 |
_c2066502 _d2066502 |
||